Dangers of gendering the case of pre-raphaelitism /
Elmentve itt :
| Szerző: | |
|---|---|
| Dokumentumtípus: | Könyv része |
| Megjelent: |
2008
|
| Sorozat: | Acta Universitatis Szegediensis de Attila József nominatae : papers in english and american studies
15 No. 2 Papers in English and American studies : Tomus XV. 2. - The iconology of gender : Eastern and Western traditions of European iconography 3. 15 No. 2 |
| Kulcsszavak: | Ikonográfia, Szexualitás |
| Tárgyszavak: | |
| Online Access: | http://acta.bibl.u-szeged.hu/68812 |
| LEADER | 01084naa a2200241 i 4500 | ||
|---|---|---|---|
| 001 | acta68812 | ||
| 005 | 20250124130734.0 | ||
| 008 | 250121s2008 hu o 000 eng d | ||
| 020 | |a 978-963-482-875-4 | ||
| 022 | |a 0230-2780 | ||
| 040 | |a SZTE Egyetemi Kiadványok Repozitórium |b hun | ||
| 041 | |a eng | ||
| 100 | 1 | |a Jukić Tatjana | |
| 245 | 1 | 0 | |a Dangers of gendering |h [elektronikus dokumentum] : |b the case of pre-raphaelitism / |c Jukić Tatjana |
| 260 | |c 2008 | ||
| 300 | |a 23-35 | ||
| 490 | 0 | |a Acta Universitatis Szegediensis de Attila József nominatae : papers in english and american studies |v 15 No. 2 | |
| 490 | 0 | |a Papers in English and American studies : Tomus XV. 2. - The iconology of gender : Eastern and Western traditions of European iconography 3. |v 15 No. 2 | |
| 650 | 4 | |a Bölcsészettudományok | |
| 650 | 4 | |a Művészetek (művészetek, művészettörténet, előadóművészetek, zene) | |
| 650 | 4 | |a Művészetek, művészettörténet | |
| 695 | |a Ikonográfia, Szexualitás | ||
| 856 | 4 | 0 | |u http://acta.bibl.u-szeged.hu/68812/1/papers_015_002_023-035.pdf |z Dokumentum-elérés |